|
|
|
|
| LEADER |
00000ny a22000003n 4500 |
| 005 |
20110623143718.0 |
| 008 |
100325s1999 cl 001 0 spa c |
| 020 |
|
|
|a 9786077877059
|
| 035 |
|
|
|a 4720
|
| 040 |
|
|
|a SpMaUCDE
|d vLex
|
| 080 |
|
|
|a 343.231
|
| 090 |
|
|
|c 1078
|d 1078
|
| 100 |
1 |
|
|a Politoff Lifschitz, Sergio
|
| 245 |
1 |
4 |
|a Los actos preparatorios del delito
|h [Recurso electrn̤ico]
|b tentativa y frustracin̤ /
|c Sergio Politoff Lifschitz
|
| 256 |
|
|
|a Servicio en ln̕ea
|
| 260 |
|
|
|a Santiago, Chile :
|b Editorial Jurd̕ica de Chile,
|c 1999
|
| 300 |
|
|
|a p. ;
|c cm
|
| 506 |
1 |
|
|a Contenido solo disponible en los productos indicados
|d vLex Global
|d vLex Global (Academic Edition, excluding Law Schools)
|d vLex Global (U.S. Academic Edition, Law Schools)
|d vLex Global (U.S. Academic Edition, excluding Law Schools)
|d vLex Global (Academic Edition, Law Schools)
|
| 650 |
0 |
4 |
|a Acto punible
|z Chile
|
| 650 |
0 |
4 |
|a Tentativa (Derecho penal)
|x publicaciones perid̤icas
|
| 740 |
0 |
|
|a vLex Libros (Servicios en ln̕ea)
|
| 856 |
4 |
0 |
|u http://vlex.com/source/4720
|z Acceso restringido
|
| 942 |
|
|
|c BOOK
|
| 999 |
0 |
4 |
|a Delito
|
| 999 |
0 |
4 |
|a Delito.
|
| 999 |
0 |
4 |
|a Tentativa de delito.
|